000 00905nmm a2200277 a 4500
001 ocm000702383
003 TR-IsHL
005 20201028131147.0
008 131010s2003 tu tur
007 cr cn
035 _a702383
_b(N$T)
050 0 4 _aKKX120
_b.Ö96 2003
090 0 4 _aKKX120
_b.Ö96 2003
100 1 _aÖzok, Özdemir
245 1 0 _aAv. Özdemir Özok'un 27. Olağan kurul'da yaptığı açış konuşması, 17 - 18 Mayıs 2003
_h[electronic resource] /
_cÖzdemir Özok
260 _aAnkara :
_bTürkiye Barolar Birliği,
_c2003
300 _a59 p.
650 4 _aHukuk
650 4 _aLaw
650 0 _aHukuk
_x Türkiye
650 0 _aLaw
_x Turkey
650 0 _aKonuşmalar, Hitabeler, vb.
650 0 _aSpeeches, Addresses, ext.
650 7 _aLAW / General
_2bisacsh
856 4 0 _uhttp://search.ebscohost.com/login.aspx?direct=true&scope=site&db=e011xww&AN=702383
999 _c4412
_d4412